INTERMEDIATE MICROECONOMICS AND ITS APPLICATION (Record no. 215848)

MARC details
000 -LEADER
fixed length control field 00532nam a22001937a 4500
008 - FIXED-LENGTH DATA ELEMENTS--GENERAL INFORMATION
fixed length control field 250708b |||||||| |||| 00| 0 eng d
020 ## - INTERNATIONAL STANDARD BOOK NUMBER
International Standard Book Number 978-1-133-18903-9
050 ## - LIBRARY OF CONGRESS CALL NUMBER
Classification number HB 172 .N53 2015
100 ## - MAIN ENTRY--PERSONAL NAME
Personal name NICHOLSON, WALTER
245 ## - TITLE STATEMENT
Title INTERMEDIATE MICROECONOMICS AND ITS APPLICATION
250 ## - EDITION STATEMENT
Edition statement 12
260 ## - PUBLICATION, DISTRIBUTION, ETC.
Place of publication, distribution, etc. BOSTON, MA
Name of publisher, distributor, etc. CENGAGE LEARNING,
Date of publication, distribution, etc. 2015
300 ## - PHYSICAL DESCRIPTION
Extent XXVI, 622P.: ILL
500 ## - GENERAL NOTE
General note INCLUDES INDEX
650 ## - SUBJECT ADDED ENTRY
Topical term or geographic name entry element MICROECONOMICS
700 ## - ADDED ENTRY--PERSONAL NAME
Personal name SNYDER, CHRISTOPHER
942 ## - ADDED ENTRY ELEMENTS (KOHA)
Source of classification or shelving scheme Library of Congress Classification
Koha item type Long Loan Book
Holdings
Withdrawn status Lost status Source of classification or shelving scheme Damaged status Not for loan Collection Home library Current library Shelving location Date acquired Inventory number Total checkouts Full call number Barcode Date last seen Copy number Price effective from Koha item type Date last checked out
    Library of Congress Classification     Business & Economics Kisii University Library Kisii University Library On Display 07/08/2025 108849   HB 172 .N53 2015 000000024563 07/08/2025 1 07/08/2025 Long Loan Book  
    Library of Congress Classification     Business & Economics Kisii University Library Kisii University Library On Display 07/08/2025 108850 1 HB 172 .N53 2015 000000024562 01/13/2026 2 07/08/2025 Long Loan Book 01/10/2026
    Library of Congress Classification     Business & Economics Kisii University Library Kisii University Library On Display 07/08/2025 108851   HB 172 .N53 2015 000000024561 07/08/2025 3 07/08/2025 Long Loan Book  
    Library of Congress Classification     Business & Economics Kisii University Library Kisii University Library On Display 07/08/2025 108852   HB 172 .N53 2015 000000024560 07/08/2025 4 07/08/2025 Long Loan Book  
    Library of Congress Classification     Business & Economics Kisii University Library Kisii University Library On Display 07/08/2025 108853 1 HB 172 .N53 2015 000000024559 11/26/2025 5 07/08/2025 Long Loan Book 11/21/2025